Szabó Ervin, 1877-1918

Elmentve itt :
Bibliográfiai részletek
Szerző: Szabó Ervin
Testületi szerző: Fővárosi Szabó Ervin Könyvtár (Budapest)
További közreműködők: Bóna Márta
Remete László
Lukács György
Adatforrás:Philobibl
Dokumentumtípus: Könyv
Nyelv:magyar
Kulcsszavak:Szabó Ervin
művelődéstörténet
könyvtártörténet
Megjelent: Budapest FSZEK 1968
LEADER 00757nam a2200205uc 4500
001 bibPHI0038577
005 20230922092855.8
008 010814s1968 hu 000 0 hun d
100 1 |a Szabó Ervin 
245 1 0 |a Szabó Ervin, 1877-1918  |c [... gyűjtötte, vál., szerk. és jegyzetelte Remete László] ; [a szerkesztésben résztvett Bóna Márta] 
260 |a Budapest  |b FSZEK  |c 1968 
300 |a 353 p., [16] t. 
505 0 |g p. 327-328.,  |t Lukács György levele a Szabó Ervin Könyvtár Igazgatóságának 
695 |a Szabó Ervin 
695 |a művelődéstörténet 
695 |a könyvtártörténet 
700 1 |a Bóna Márta 
700 1 |a Remete László 
700 1 |a Lukács György 
710 2 |a Fővárosi Szabó Ervin Könyvtár (Budapest)  |4 Közreadta